[Event "DEM U10 2023"]
[Site "Willingen GER"]
[Date "2023.06.02"]
[Round "10"]
[White "Heins, Simon"]
[Black "Andersen, Jonathan"]
[Result "1/2-1/2"]
[Termination "normal"]
[Board "5"]
[WhiteElo "1592"]
[BlackElo "1494"]
[WhiteClock "01:10:49"]
[BlackClock "01:09:04"]
[PlyCount "107"]
[WhiteFideId "34660194"]
[BlackFideId "34623884"]
[EventCountry "GER"]
[EventRounds "11"]
[EventType "swiss"]
[EventDate "2023.05.27"]

1. e4 {[%clk 01:15:59]} e5 {[%clk 01:15:57]} {[%emt 00:00:04]} 2. Nf3 {[%clk
01:16:24]} {[%emt 00:00:04]} Nc6 {[%clk 01:16:25]} {[%emt 00:00:03]} 3. d4
{[%clk 01:16:48]} {[%emt 00:00:06]} exd4 {[%clk 01:16:48]} {[%emt 00:00:07]} 4.
Bc4 {[%clk 01:17:13]} {[%emt 00:00:05]} d6 {[%clk 01:16:14]} {[%emt 00:01:03]}
5. Nxd4 {[%clk 01:17:30]} {[%emt 00:00:12]} Nf6 {[%clk 01:16:37]} {[%emt
00:00:09]} 6. Nc3 {[%clk 01:17:50]} {[%emt 00:00:10]} Be7 {[%clk 01:17:01]}
{[%emt 00:00:06]} 7. h3 {[%clk 01:18:00]} {[%emt 00:00:19]} O-O {[%clk
01:17:23]} {[%emt 00:00:07]} 8. O-O {[%clk 01:18:26]} {[%emt 00:00:05]} Bd7
{[%clk 01:17:30]} {[%emt 00:00:23]} 9. Be3 {[%clk 01:18:39]} {[%emt 00:00:17]}
Ne5 {[%emt 00:00:26]} 10. Bb3 {[%clk 01:18:40]} {[%emt 00:00:15]} a6 {[%clk
01:18:00]} {[%emt 00:00:19]} 11. f4 {[%clk 01:18:47]} {[%emt 00:00:23]} Ng6
{[%clk 01:18:10]} {[%emt 00:00:20]} 12. a4 {[%clk 01:19:04]} {[%emt 00:00:13]}
Qc8 {[%clk 01:17:25]} {[%emt 00:01:15]} 13. Qd2 {[%clk 01:18:25]} {[%emt
00:01:09]} c5 {[%clk 01:17:17]} {[%emt 00:00:37]} 14. Nf3 {[%clk 01:16:33]}
{[%emt 00:02:22]} b5 {[%clk 01:14:07]} {[%emt 00:03:40]} 15. Bd5 {[%clk
01:15:59]} {[%emt 00:01:05]} b4 {[%clk 01:11:57]} {[%emt 00:02:40]} 16. Ne2
{[%clk 01:14:44]} {[%emt 00:01:43]} Bc6 {[%clk 01:12:11]} {[%emt 00:00:18]} 17.
Ng3 {[%clk 01:13:54]} {[%emt 00:01:19]} Bxd5 {[%clk 01:12:11]} {[%emt
00:00:30]} 18. exd5 {[%clk 01:14:15]} {[%emt 00:00:09]} Qb7 {[%clk 01:12:01]}
{[%emt 00:00:41]} 19. Rad1 {[%clk 01:14:08]} {[%emt 00:00:36]} Bd8 {[%clk
01:11:23]} {[%emt 00:01:08]} 20. Nf5 {[%clk 01:14:19]} {[%emt 00:00:19]} Bc7
{[%clk 01:10:27]} {[%emt 00:01:26]} 21. N3h4 {[%clk 01:14:13]} {[%emt
00:00:37]} Rfe8 {[%clk 01:09:56]} {[%emt 00:01:01]} 22. Nxg6 {[%clk 01:10:51]}
{[%emt 00:03:50]} hxg6 {[%clk 01:10:08]} {[%emt 00:00:19]} 23. Ng3 {[%clk
01:10:52]} {[%emt 00:00:28]} Nxd5 {[%clk 01:10:14]} {[%emt 00:00:24]} 24. Bxc5
{[%clk 01:09:07]} {[%emt 00:02:15]} Bb6 {[%clk 01:10:05]} {[%emt 00:00:39]} 25.
Qxd5 {[%clk 01:08:25]} {[%emt 00:01:13]} Qxd5 {[%clk 01:10:20]} {[%emt
00:00:15]} 26. Rxd5 {[%clk 01:08:48]} {[%emt 00:00:07]} Bxc5+ {[%clk 01:10:45]}
{[%emt 00:00:06]} 27. Kh2 {[%clk 01:09:04]} {[%emt 00:00:13]} Re6 {[%clk
01:10:57]} {[%emt 00:00:17]} 28. f5 {[%clk 01:09:20]} {[%emt 00:00:16]} gxf5
{[%clk 01:10:56]} {[%emt 00:00:30]} 29. Nxf5 {[%clk 01:09:26]} {[%emt
00:00:24]} Re2 {[%clk 01:10:41]} {[%emt 00:00:45]} 30. Nxd6 {[%clk 01:07:56]}
{[%emt 00:01:59]} Bxd6+ {[%clk 01:11:05]} {[%emt 00:00:07]} 31. Rxd6 {[%clk
01:08:25]} {[%emt 00:00:01]} Rxc2 {[%clk 01:11:24]} {[%emt 00:00:11]} 32. b3
{[%clk 01:08:23]} {[%emt 00:00:33]} Rc3 {[%clk 01:10:50]} {[%emt 00:01:04]} 33.
Rf3 {[%clk 01:08:43]} {[%emt 00:00:09]} Rxf3 {[%clk 01:11:14]} {[%emt
00:00:07]} 34. gxf3 {[%clk 01:09:10]} {[%emt 00:00:02]} Kf8 {[%clk 01:09:52]}
{[%emt 00:01:52]} 35. a5 {[%clk 01:09:23]} {[%emt 00:00:18]} Rc8 {[%clk
01:08:41]} {[%emt 00:01:41]} 36. Rxa6 {[%clk 01:09:36]} {[%emt 00:00:17]} Rc3
{[%clk 01:09:03]} {[%emt 00:00:06]} 37. Rb6 {[%clk 01:08:27]} {[%emt 00:01:41]}
Rxb3 {[%clk 01:09:09]} {[%emt 00:00:23]} 38. a6 {[%clk 01:08:29]} {[%emt
00:00:29]} Ra3 {[%clk 01:09:08]} {[%emt 00:00:30]} 39. Rb8+ {[%clk 01:08:46]}
{[%emt 00:00:13]} Ke7 {[%clk 01:09:28]} {[%emt 00:00:10]} 40. Rb7+ {[%clk
01:09:08]} {[%emt 00:00:09]} Kf6 {[%clk 01:09:29]} {[%emt 00:00:28]} 41. a7
{[%clk 01:09:14]} {[%emt 00:00:25]} b3 {[%clk 01:09:13]} {[%emt 00:00:45]} 42.
Kg3 {[%clk 01:09:21]} {[%emt 00:00:23]} b2 {[%clk 01:08:43]} {[%emt 00:01:01]}
43. Rxb2 {[%clk 01:09:13]} {[%emt 00:00:37]} Rxa7 {[%clk 01:09:08]} {[%emt
00:00:05]} 44. Rb5 {[%clk 01:09:17]} {[%emt 00:00:26]} Ra3 {[%clk 01:09:01]}
{[%emt 00:00:36]} 45. Kg4 {[%clk 01:09:32]} {[%emt 00:00:17]} Kg6 {[%clk
01:08:34]} {[%emt 00:00:56]} 46. Rb6+ {[%clk 01:09:45]} {[%emt 00:00:17]} f6
{[%clk 01:08:58]} {[%emt 00:00:07]} 47. f4 {[%clk 01:10:02]} {[%emt 00:00:12]}
Kf7 {[%clk 01:08:50]} {[%emt 00:00:38]} 48. Rb7+ {[%clk 01:10:05]} {[%emt
00:00:28]} Kg8 {[%clk 01:08:52]} {[%emt 00:00:26]} 49. h4 {[%clk 01:10:17]}
{[%emt 00:00:20]} Kh7 {[%clk 01:09:02]} {[%emt 00:00:20]} 50. f5 {[%clk
01:09:50]} {[%emt 00:00:56]} Ra4+ {[%clk 01:08:43]} {[%emt 00:00:49]} 51. Kh5
{[%clk 01:09:43]} {[%emt 00:00:37]} Ra5 {[%clk 01:08:43]} {[%emt 00:00:30]} 52.
Kg4 {[%clk 01:10:02]} {[%emt 00:00:11]} Ra4+ {[%clk 01:09:06]} {[%emt
00:00:07]} 53. Kh5 {[%clk 01:10:25]} {[%emt 00:00:06]} Rf4 {[%clk 01:09:04]}
{[%emt 00:00:32]} 54. Rb5 {[%clk 01:10:49]} {[%emt 00:00:07]} 1/2-1/2

[Event "DEM U10 2023"]
[Site "Willingen GER"]
[Date "2023.06.02"]
[Round "10"]
[White "Hagn, Tobias"]
[Black "Belin, Anton"]
[Result "1/2-1/2"]
[Termination "normal"]
[Board "6"]
[WhiteElo "1609"]
[BlackElo "1662"]
[WhiteClock "00:09:19"]
[BlackClock "00:57:15"]
[PlyCount "73"]
[WhiteFideId "34623728"]
[BlackFideId "34610952"]
[EventCountry "GER"]
[EventRounds "11"]
[EventType "swiss"]
[EventDate "2023.05.27"]

1. e4 {[%clk 01:15:51]} {[%emt 00:00:07]} c5 {[%clk 01:15:51]} {[%emt
00:00:10]} 2. Nf3 {[%clk 01:16:01]} {[%emt 00:00:19]} d6 {[%clk 01:16:03]}
{[%emt 00:00:18]} 3. d4 {[%clk 01:16:00]} {[%emt 00:00:31]} cxd4 {[%clk
01:16:09]} {[%emt 00:00:25]} 4. Nxd4 {[%clk 01:16:05]} {[%emt 00:00:24]} Nf6
{[%clk 01:16:12]} {[%emt 00:00:28]} 5. Nc3 {[%clk 01:16:12]} {[%emt 00:00:23]}
g6 {[%clk 01:16:18]} {[%emt 00:00:24]} 6. Be3 {[%clk 01:15:23]} {[%emt
00:01:17]} Bg7 {[%clk 01:16:12]} {[%emt 00:00:37]} 7. f3 {[%clk 01:15:00]}
{[%emt 00:00:53]} a6 {[%clk 01:16:01]} {[%emt 00:00:39]} 8. Qd2 {[%clk
01:12:13]} {[%emt 00:03:20]} h5 {[%clk 01:15:58]} {[%emt 00:00:32]} 9. Be2
{[%clk 01:10:43]} {[%emt 00:02:00]} b5 {[%clk 01:15:38]} {[%emt 00:00:50]} 10.
a4 {[%clk 01:09:47]} {[%emt 00:01:27]} b4 {[%clk 01:15:00]} {[%emt 00:01:07]}
11. Na2 {[%clk 01:09:55]} {[%emt 00:00:23]} a5 {[%clk 01:15:09]} {[%emt
00:00:20]} 12. c3 {[%clk 01:09:58]} {[%emt 00:00:27]} bxc3 {[%clk 01:15:15]}
{[%emt 00:00:26]} 13. Nxc3 {[%clk 01:10:05]} {[%emt 00:00:21]} Bd7 {[%clk
01:15:03]} {[%emt 00:00:44]} 14. Rc1 {[%clk 01:04:56]} {[%emt 00:05:38]} Nc6
{[%clk 01:13:54]} {[%emt 00:01:39]} 15. Nxc6 {[%clk 01:01:00]} {[%emt
00:04:26]} Bxc6 {[%clk 01:14:11]} {[%emt 00:00:13]} 16. Bb5 {[%clk 00:58:51]}
{[%emt 00:02:39]} Bxb5 {[%clk 01:14:11]} {[%emt 00:00:30]} 17. Nxb5 {[%clk
00:59:03]} {[%emt 00:00:18]} O-O {[%clk 01:13:21]} {[%emt 00:01:20]} 18. O-O
{[%clk 00:57:19]} {[%emt 00:02:14]} Nd7 {[%clk 01:10:15]} {[%emt 00:03:37]} 19.
Nd4 {[%clk 00:42:42]} {[%emt 00:15:06]} Nc5 {[%clk 01:07:31]} {[%emt 00:03:14]}
20. Qd1 {[%clk 00:32:53]} {[%emt 00:10:18]} Qb6 {[%clk 01:03:31]} {[%emt
00:04:30]} 21. Rb1 {[%clk 00:25:36]} {[%emt 00:07:48]} Rab8 {[%clk 01:01:18]}
{[%emt 00:02:42]} 22. b3 {[%clk 00:19:59]} {[%emt 00:06:08]} Ne6 {[%clk
00:59:14]} {[%emt 00:02:34]} 23. Nf5 {[%clk 00:18:20]} {[%emt 00:02:09]} Qb7
{[%clk 00:58:56]} {[%emt 00:00:48]} 24. Nxg7 {[%clk 00:17:56]} {[%emt
00:00:54]} Kxg7 {[%clk 00:59:14]} {[%emt 00:00:11]} 25. Qd2 {[%clk 00:17:32]}
{[%emt 00:00:55]} Rfc8 {[%clk 00:59:24]} {[%emt 00:00:19]} 26. Qxa5 {[%emt
00:02:03]} Nc5 {[%clk 00:58:45]} {[%emt 00:01:05]} 27. Qc3+ {[%clk 00:13:17]}
{[%emt 00:03:16]} f6 {[%clk 00:58:08]} {[%emt 00:01:07]} 28. Bxc5 {[%clk
00:12:55]} {[%emt 00:00:53]} Rxc5 {[%clk 00:58:17]} {[%emt 00:00:21]} 29. Qd4
{[%clk 00:11:57]} {[%emt 00:01:28]} Qb4 {[%clk 00:57:53]} {[%emt 00:00:54]} 30.
Qxb4 {[%emt 00:02:05]} Rxb4 {[%clk 00:58:13]} {[%emt 00:00:05]} 31. Rf2 {[%clk
00:10:15]} {[%emt 00:00:42]} Kf7 {[%clk 00:57:33]} {[%emt 00:01:10]} 32. Ra2
{[%clk 00:10:08]} {[%emt 00:00:37]} Ra5 {[%clk 00:57:47]} {[%emt 00:00:16]} 33.
Kf2 {[%clk 00:09:49]} {[%emt 00:00:49]} e5 {[%clk 00:58:11]} {[%emt 00:00:06]}
34. Ke3 {[%clk 00:09:39]} {[%emt 00:00:39]} Ke6 {[%clk 00:58:24]} {[%emt
00:00:17]} 35. Kd3 {[%clk 00:09:33]} {[%emt 00:00:37]} d5 {[%clk 00:57:21]}
{[%emt 00:01:34]} 36. Kc3 {[%clk 00:09:45]} {[%emt 00:00:16]} Rd4 {[%clk
00:57:15]} {[%emt 00:00:37]} 37. exd5+ {[%clk 00:09:19]} {[%emt 00:00:56]}
1/2-1/2

[Event "DEM U10 2023"]
[Site "Willingen GER"]
[Date "2023.06.02"]
[Round "10"]
[White "Zargaran, Sepas"]
[Black "Lange, Fynn Jeremy"]
[Result "1/2-1/2"]
[Termination "normal"]
[Board "7"]
[WhiteElo "1540"]
[BlackElo "1616"]
[WhiteClock "00:33:03"]
[BlackClock "00:09:41"]
[PlyCount "69"]
[WhiteFideId "34625275"]
[BlackFideId "34616365"]
[EventCountry "GER"]
[EventRounds "11"]
[EventType "swiss"]
[EventDate "2023.05.27"]

1. e4 {[%clk 01:15:56]} {[%emt 00:00:04]} e5 {[%clk 01:15:39]} {[%emt
00:00:21]} 2. Nf3 {[%clk 01:16:14]} {[%emt 00:00:10]} Nf6 {[%clk 01:15:13]}
{[%emt 00:00:59]} 3. d4 {[%clk 01:16:21]} {[%emt 00:00:20]} Nxe4 {[%clk
01:14:50]} {[%emt 00:00:55]} 4. Bd3 {[%clk 01:16:34]} {[%emt 00:00:17]} d5
{[%clk 01:14:25]} {[%emt 00:00:55]} 5. Nxe5 {[%clk 01:16:20]} {[%emt 00:00:44]}
Nd7 {[%clk 01:13:08]} {[%emt 00:01:47]} 6. Nxd7 {[%clk 01:16:31]} {[%emt
00:00:19]} Bxd7 {[%clk 01:11:58]} {[%emt 00:01:41]} 7. O-O {[%clk 01:16:32]}
{[%emt 00:00:28]} Bd6 {[%clk 01:09:49]} {[%emt 00:02:40]} 8. Nc3 {[%clk
01:16:12]} {[%emt 00:00:47]} Nxc3 {[%clk 01:07:34]} {[%emt 00:02:47]} 9. bxc3
{[%clk 01:16:02]} {[%emt 00:00:40]} O-O {[%clk 01:06:16]} {[%emt 00:01:48]} 10.
Qh5 {[%clk 01:16:18]} {[%emt 00:00:13]} f5 {[%clk 01:05:41]} {[%emt 00:01:06]}
11. Re1 {[%clk 01:15:52]} {[%emt 00:00:53]} Qf6 {[%clk 01:03:56]} {[%emt
00:02:17]} 12. Qf3 {[%clk 01:15:16]} {[%emt 00:01:04]} c6 {[%clk 01:02:39]}
{[%emt 00:01:50]} 13. Bf4 {[%clk 01:15:22]} {[%emt 00:00:24]} Rae8 {[%clk
01:00:47]} {[%emt 00:02:18]} 14. h4 {[%clk 01:12:51]} {[%emt 00:03:03]} Bxf4
{[%clk 00:55:53]} {[%emt 00:05:25]} 15. Qxf4 {[%clk 01:12:16]} {[%emt
00:01:05]} h6 {[%clk 00:50:30]} {[%emt 00:05:54]} 16. Rab1 {[%clk 01:05:50]}
{[%emt 00:06:52]} Bc8 {[%clk 00:45:50]} {[%emt 00:05:14]} 17. Re5 {[%clk
01:03:03]} {[%emt 00:03:15]} Rxe5 {[%clk 00:42:20]} {[%emt 00:04:03]} 18. dxe5
{[%clk 01:02:57]} {[%emt 00:00:35]} Qe6 {[%clk 00:39:45]} {[%emt 00:03:04]} 19.
c4 {[%clk 01:01:57]} {[%emt 00:01:32]} Kh8 {[%clk 00:35:40]} {[%emt 00:04:34]}
20. g4 {[%clk 00:50:19]} {[%emt 00:12:08]} Qg6 {[%clk 00:30:22]} {[%emt
00:05:47]} 21. g5 {[%clk 00:50:08]} {[%emt 00:00:42]} Re8 {[%clk 00:26:11]}
{[%emt 00:04:39]} 22. Kh2 {[%clk 00:47:24]} {[%emt 00:03:10]} Qe6 {[%clk
00:21:47]} {[%emt 00:04:59]} 23. Re1 {[%clk 00:46:49]} {[%emt 00:01:01]} Bd7
{[%clk 00:18:52]} {[%emt 00:03:29]} 24. Qd4 {[%clk 00:45:29]} {[%emt 00:01:50]}
b6 {[%clk 00:16:24]} {[%emt 00:02:59]} 25. f4 {[%clk 00:44:52]} {[%emt
00:01:07]} h5 {[%clk 00:14:42]} {[%emt 00:02:11]} 26. Rb1 {[%clk 00:42:24]}
{[%emt 00:02:54]} g6 {[%clk 00:12:42]} {[%emt 00:02:36]} 27. c5 {[%clk
00:42:24]} {[%emt 00:00:30]} b5 {[%clk 00:12:15]} {[%emt 00:00:57]} 28. a4
{[%clk 00:41:50]} {[%emt 00:01:04]} a6 {[%emt 00:00:15]} 29. axb5 {[%clk
00:41:25]} {[%emt 00:00:54]} cxb5 {[%clk 00:12:34]} {[%emt 00:00:27]} 30. Ra1
{[%clk 00:39:46]} {[%emt 00:02:08]} Bc8 {[%clk 00:12:20]} {[%emt 00:00:45]} 31.
Be2 {[%clk 00:38:32]} {[%emt 00:01:41]} Bb7 {[%clk 00:12:21]} {[%emt 00:00:31]}
32. Bf3 {[%clk 00:37:41]} {[%emt 00:01:21]} Kg8 {[%clk 00:10:31]} {[%emt
00:02:20]} 33. Rb1 {[%clk 00:37:22]} {[%emt 00:00:41]} Re7 {[%clk 00:09:41]}
{[%emt 00:01:26]} 34. Rd1 {[%clk 00:33:03]} {[%emt 00:04:51]} Rd7 35. Ra1
{[%clk 00:33:03]} 1/2-1/2

[Event "DEM U10 2023"]
[Site "Willingen GER"]
[Date "2023.06.02"]
[Round "10"]
[White "Meitzner, Jonathan Franz"]
[Black "Hoppe, Arthur"]
[Result "1/2-1/2"]
[Termination "normal"]
[Board "8"]
[WhiteElo "1314"]
[BlackElo "1430"]
[WhiteClock "00:12:34"]
[BlackClock "00:37:18"]
[PlyCount "52"]
[WhiteFideId "34616110"]
[BlackFideId "34618910"]
[EventCountry "GER"]
[EventRounds "11"]
[EventType "swiss"]
[EventDate "2023.05.27"]

1. e4 {[%clk 01:15:59]} {[%emt 00:03:35]} e6 {[%clk 01:15:54]} {[%emt
00:00:06]} 2. d3 {[%clk 01:16:16]} {[%emt 00:00:12]} d5 {[%clk 01:16:15]}
{[%emt 00:00:09]} 3. Nd2 {[%clk 01:16:31]} {[%emt 00:00:16]} Nf6 {[%clk
01:16:35]} {[%emt 00:00:10]} 4. g3 {[%clk 01:16:44]} {[%emt 00:00:17]} Be7
{[%clk 01:16:39]} {[%emt 00:00:26]} 5. Bg2 {[%clk 01:16:55]} {[%emt 00:00:20]}
c5 {[%clk 01:16:56]} {[%emt 00:00:12]} 6. Ngf3 {[%clk 01:16:49]} {[%emt
00:00:36]} Nc6 {[%clk 01:17:03]} {[%emt 00:00:24]} 7. O-O {[%clk 01:16:56]}
{[%emt 00:00:22]} O-O {[%clk 01:17:26]} {[%emt 00:00:06]} 8. h3 {[%clk
01:14:15]} {[%emt 00:03:12]} Qc7 {[%clk 01:14:59]} {[%emt 00:02:57]} 9. b3
{[%clk 01:08:21]} {[%emt 00:06:24]} Rd8 {[%clk 01:12:46]} {[%emt 00:02:42]} 10.
Qe2 {[%clk 01:04:43]} {[%emt 00:04:09]} d4 {[%clk 01:05:21]} {[%emt 00:07:55]}
11. Nc4 {[%clk 01:03:36]} {[%emt 00:01:37]} e5 {[%clk 01:05:19]} {[%emt
00:00:32]} 12. a4 {[%clk 01:02:11]} {[%emt 00:01:55]} Ne8 {[%clk 00:55:30]}
{[%emt 00:10:18]} 13. Ba3 {[%clk 00:59:57]} {[%emt 00:02:45]} b6 {[%clk
00:54:42]} {[%emt 00:01:18]} 14. Rfc1 {[%clk 00:54:36]} {[%emt 00:05:51]} Be6
{[%clk 00:53:49]} {[%emt 00:01:23]} 15. Nfd2 {[%clk 00:44:16]} {[%emt
00:10:49]} Nd6 {[%clk 00:49:36]} {[%emt 00:04:44]} 16. Nxd6 {[%clk 00:32:24]}
{[%emt 00:12:22]} Qxd6 {[%clk 00:49:07]} {[%emt 00:00:59]} 17. Nf3 {[%clk
00:28:14]} {[%emt 00:04:39]} Qd7 {[%clk 00:48:07]} {[%emt 00:01:31]} 18. Kh2
{[%clk 00:27:23]} {[%emt 00:01:20]} Rac8 {[%clk 00:47:54]} {[%emt 00:00:43]}
19. Nxe5 {[%clk 00:23:51]} {[%emt 00:04:02]} Nxe5 {[%clk 00:45:27]} {[%emt
00:02:58]} 20. f4 {[%clk 00:24:09]} {[%emt 00:00:12]} f6 {[%clk 00:41:33]}
{[%emt 00:04:24]} 21. fxe5 {[%clk 00:19:56]} {[%emt 00:04:42]} fxe5 {[%clk
00:41:45]} {[%emt 00:00:18]} 22. Rf1 {[%clk 00:18:49]} {[%emt 00:01:37]} Rf8
{[%clk 00:41:29]} {[%emt 00:00:47]} 23. Qh5 {[%clk 00:18:06]} {[%emt 00:01:12]}
Bf6 {[%clk 00:37:12]} {[%emt 00:04:48]} 24. Bc1 {[%clk 00:13:23]} {[%emt
00:05:08]} Bf7 {[%clk 00:37:15]} {[%emt 00:00:32]} 25. Qf5 {[%clk 00:12:26]}
{[%emt 00:01:25]} Be6 {[%clk 00:37:18]} {[%emt 00:00:29]} 26. Qh5 {[%clk
00:12:34]} {[%emt 00:00:20]} Bf7 {[%emt 00:01:13]} 1/2-1/2

[Event "DEM U10 2023"]
[Site "Willingen GER"]
[Date "2023.06.02"]
[Round "10"]
[White "Menke, Raphael Wilhelm"]
[Black "Aguike, Toshiya"]
[Result "1-0"]
[Termination "normal"]
[Board "9"]
[WhiteElo "1884"]
[BlackElo "1490"]
[WhiteClock "00:30:14"]
[BlackClock "00:17:36"]
[PlyCount "61"]
[WhiteFideId "34621008"]
[BlackFideId "34611347"]
[EventCountry "GER"]
[EventRounds "11"]
[EventType "swiss"]
[EventDate "2023.05.27"]

1. e4 {[%clk 01:15:59]} {[%emt 01:25:33]} e5 {[%clk 01:15:56]} {[%emt
00:00:05]} 2. Nf3 {[%clk 01:16:25]} {[%emt 00:00:03]} Nc6 {[%clk 01:16:21]}
{[%emt 00:00:05]} 3. Bc4 {[%clk 01:16:47]} {[%emt 00:00:08]} Bc5 {[%clk
01:16:42]} {[%emt 00:00:08]} 4. b4 {[%clk 01:17:11]} {[%emt 00:00:07]} Bxb4
{[%clk 01:16:59]} {[%emt 00:00:14]} 5. c3 {[%clk 01:17:33]} {[%emt 00:00:08]}
Ba5 {[%clk 01:17:22]} {[%emt 00:00:06]} 6. d4 {[%clk 01:17:37]} {[%emt
00:00:26]} exd4 {[%clk 01:11:59]} {[%emt 00:05:53]} 7. O-O {[%clk 01:17:12]}
{[%emt 00:00:55]} d6 {[%clk 00:59:48]} {[%emt 00:12:41]} 8. cxd4 {[%clk
01:15:56]} {[%emt 00:01:47]} Nf6 {[%clk 00:58:33]} {[%emt 00:01:45]} 9. d5
{[%clk 01:15:01]} {[%emt 00:01:25]} Ne7 {[%clk 00:54:18]} {[%emt 00:04:44]} 10.
Bg5 {[%clk 01:12:30]} {[%emt 00:02:57]} Ng6 {[%clk 00:53:19]} {[%emt 00:01:33]}
11. Qa4+ {[%clk 01:11:52]} {[%emt 00:01:09]} c6 {[%clk 00:51:01]} {[%emt
00:02:48]} 12. dxc6 {[%clk 01:09:45]} {[%emt 00:02:37]} O-O {[%clk 00:48:48]}
{[%emt 00:02:42]} 13. Nbd2 {[%clk 01:06:39]} {[%emt 00:03:36]} Bb6 {[%clk
00:45:01]} {[%emt 00:04:17]} 14. Bd5 {[%clk 01:03:12]} {[%emt 00:03:56]} bxc6
{[%clk 00:42:18]} {[%emt 00:03:14]} 15. Bxc6 {[%clk 01:02:38]} {[%emt
00:01:04]} Rb8 {[%clk 00:42:05]} {[%emt 00:00:43]} 16. Nc4 {[%clk 01:02:31]}
{[%emt 00:00:37]} Bg4 {[%clk 00:40:06]} {[%emt 00:02:28]} 17. Nh4 {[%clk
00:56:55]} {[%emt 00:06:06]} h6 {[%clk 00:38:07]} {[%emt 00:02:30]} 18. Nxg6
{[%clk 00:54:28]} {[%emt 00:02:58]} fxg6 {[%clk 00:36:30]} {[%emt 00:02:06]}
19. Bh4 {[%clk 00:53:21]} {[%emt 00:01:36]} Rc8 {[%clk 00:29:17]} {[%emt
00:07:44]} 20. Rac1 {[%clk 00:48:22]} {[%emt 00:05:29]} Bc5 {[%clk 00:24:08]}
{[%emt 00:05:39]} 21. e5 {[%clk 00:45:41]} {[%emt 00:03:12]} dxe5 {[%clk
00:23:31]} {[%emt 00:01:07]} 22. Nxe5 {[%clk 00:38:52]} {[%emt 00:07:18]} Qd6
{[%clk 00:23:15]} {[%emt 00:00:45]} 23. Qc4+ {[%clk 00:34:44]} {[%emt
00:04:39]} Be6 {[%clk 00:21:03]} {[%emt 00:02:42]} 24. Qxc5 {[%clk 00:34:29]}
{[%emt 00:00:46]} Qxc5 {[%clk 00:21:03]} {[%emt 00:00:29]} 25. Rxc5 {[%clk
00:34:40]} {[%emt 00:00:18]} Nd7 {[%clk 00:17:56]} {[%emt 00:03:35]} 26. Bxd7
{[%clk 00:32:39]} {[%emt 00:02:34]} Rxc5 {[%clk 00:17:32]} {[%emt 00:00:54]}
27. Bxe6+ {[%clk 00:31:54]} {[%emt 00:01:15]} Kh7 {[%clk 00:17:56]} {[%emt
00:00:05]} 28. Nd7 {[%clk 00:31:47]} {[%emt 00:00:39]} Rfc8 {[%clk 00:17:30]}
{[%emt 00:00:56]} 29. Nxc5 {[%clk 00:31:55]} {[%emt 00:00:21]} Rxc5 {[%clk
00:17:54]} {[%emt 00:00:07]} 30. f3 {[%clk 00:31:37]} {[%emt 00:00:44]} Re5
{[%clk 00:17:36]} {[%emt 00:00:48]} 31. Re1 {[%clk 00:30:14]} {[%emt 00:01:56]}
1-0